00462nam a2200157Ia 4500003000400000005001700004008004100021020001500062040000900077082002300086100002200109245010000131260004400231300000900275650002000284OSt20210303130058.0190216s9999||||xx |||||||||||||| ||und|| a0195629825 coclc a333.7509542bGUH/U1 aGuha, Ramachandra 4aThe Unquiet Woods: Ecological Change and Peasant Resistance in the Himalaya /cRamachandra Guha bOxford University Press,c1991.aDelhi: a217p aEnglish General